00449nam a2200133 a 450000100100000000500170001000800410002704000250006824500510009326000210014430000280016595201050019399900170029800004605420201002052616.0150615s2004 000 spa d aDO-SdBNPbspacBNPHU 0aDominican@s presentes :. :bguía práctica. a[s.l.],c[s.f.]. a146 p. :bil. ;c14 cm. 001050718MOaPDbPDcHDd2015-06-15iLF1l0o p46054-10r2020-06-25w2020-06-25y1ZNo se presta c45543d45543